Zaměstnanost a cestovní ruch

Úroveň devízových príjmov v cestovnom ruchu v porovnaní s ostatnými odvetviami NH. Rastúci záujem o cestovný ruch. Dôsledky zavádzania informačných technológií na zamestnanosť v cestovnom ruchu. Závery zo zasadania ILO (Medzinárodnej organizácie práce) týkajúcej sa oblasti cestovania.

Na minha lista:
Detalhes bibliográficos
Formato: Capítulo de Livro
Idioma:tcheco
Assuntos:
Tags: Adicionar Tag
Sem tags, seja o primeiro a adicionar uma tag!

MARC

LEADER 00000naa a2200000 4500
001 r027770
005 20230913070419.0
041 0 |a cze 
044 |a CZ 
245 1 0 |a Zaměstnanost a cestovní ruch 
520 |a Úroveň devízových príjmov v cestovnom ruchu v porovnaní s ostatnými odvetviami NH. Rastúci záujem o cestovný ruch. Dôsledky zavádzania informačných technológií na zamestnanosť v cestovnom ruchu. Závery zo zasadania ILO (Medzinárodnej organizácie práce) týkajúcej sa oblasti cestovania. 
610 2 0 |a ruch cestovný 
610 2 0 |a príjmy 
610 2 0 |a devízy 
610 2 0 |a služby 
610 2 0 |a technika výpočtová 
610 2 0 |a MOP 
610 2 0 |a zamestnanosť 
610 2 0 |a nezamestnanosť